000 00715cab a2200229 4500
001 ABS46565
008 090401t1992 xxu||||| |||| 00| 0 eng d
035 _a(Sirsi) u58762
041 _aeng
245 _aEC legislation : the current state of play
260 _c1992
350 _a0
490 _aHealth & Safety Information Bulletin
_v(198) June 1992, 2-12(11)
520 _aDetailed summary of European legislation on health and safety. listing all the relevant directives and noting their implications for the UK.
650 _aDIRECTIVES
650 _aEC LEGISLATION
650 _aHEALTH AND SAFETY
_96244
690 _aEUROPE-SINGLE MARKET
690 _aLAW
942 _n0
948 _c04/03/1997
999 _c35934
_d35934